000
00313nam a2200121Ia 4500
008
190216s9999||||xx |||||||||||||| ||und||
100
_a
"Bhatnagar K P,Nigam Ns & Bhagolawal"
245
0
_a
Co-Operation In India And Abroad
260
_b
Kishore Pub
_c
1969
300
_a
710p
650
_a
Economics
942
_c
BK
999
_c
9171
_d
9171